| 000 | 00450nam a2200169 a 4500 | ||
|---|---|---|---|
| 001 | 3838 | ||
| 005 | 20140414131850.0 | ||
| 008 | 040106s19uu xx 00 eng d | ||
| 020 | _a1-56293-337-X | ||
| 050 |
_aM 599 _bN23 1993 |
||
| 100 | _aNayer, Judy | ||
| 245 |
_aMammals at your fingertips / _cJudy Nayer. |
||
| 260 |
_aNew York : _bMc Clanahan Book, _c1993. |
||
| 300 | _ap. ; cm. | ||
| 650 |
_aAnimals _xJuvenile literature. |
||
| 999 |
_c110169 _d110169 |
||